|
|
|
|
| LEADER |
01757nam a2200349 u 4500 |
| 001 |
10117258 |
| 003 |
upatras |
| 005 |
20210604170236.0 |
| 008 |
150826s2009 gr gre |
| 020 |
|
|
|a 9789604556137
|
| 040 |
|
|
|a ΠΑΝΕΠΙΣΤΗΜΙΟ ΠΑΤΡΑΣ
|c ΠΑΝΕΠΙΣΤΗΜΙΟ ΠΑΤΡΑΣ
|
| 041 |
1 |
|
|a gre
|h ita
|
| 082 |
0 |
4 |
|a 304.8
|
| 100 |
1 |
|
|a Bauman, Zygmunt,
|d 1925-2017
|4 aut
|9 179605
|
| 240 |
1 |
0 |
|a Modus vivendi: inferno e utopia del modno liquido
|
| 245 |
1 |
0 |
|a Ρευστοί καιροί
|b η ζωή στην εποχή της αβεβαιότητας
|c Ζίγκμουντ Μπάουμαν; προλογικό σημείωμα-μετάφραση Κωνσταντίνος Δ. Γεώρμας
|
| 260 |
|
|
|a Αθήνα
|b Μεταίχμιο
|c 2009
|
| 300 |
|
|
|a 189 σ.
|c 21 εκ.
|
| 490 |
0 |
|
|a Αναμετρήσεις με τον 21ο αιώνα
|
| 504 |
|
|
|a Περιλαμβάνει βιβλιογραφία
|
| 650 |
|
4 |
|a Αποδημία και εποίκηση
|x Οικονομικές απόψεις
|9 131486
|
| 650 |
|
4 |
|a Παγκοσμιοποίηση
|9 7496
|
| 650 |
|
4 |
|a Διεθνείς οικονομικές σχέσεις
|9 10487
|
| 650 |
|
4 |
|a Ουτοπίες
|9 8960
|
| 650 |
|
4 |
|a Κοινωνική αλλαγή
|9 9652
|
| 650 |
|
4 |
|a Κοινωνική ιστορία
|y 1970-
|9 84042
|
| 760 |
0 |
|
|a Αναμετρήσεις με τον 21ο αιώνα
|
| 852 |
|
|
|a GR-PaULI
|b ΠΑΤΡΑ
|b ΦΙΛΟΣΟΦΙΑ
|k ΑΣΧΕ-4
|h 304.8 BAU
|m 10551
|p 025000187507
|t 1
|
| 942 |
|
|
|2 ddc
|c BK15
|
| 952 |
|
|
|0 0
|1 0
|4 0
|6 304_800000000000000_BAU
|7 0
|9 182851
|a PHIL
|b PHIL
|d 2016-04-24
|i 10551
|l 1
|m 1
|o 304.8 BAU
|p 025000187507
|r 2017-03-22 00:00:00
|s 2017-03-07
|t 1
|w 2016-04-24
|y BK15
|
| 998 |
|
|
|c ΚΑΝΕΛΛΟΠΟΥΛΟΥ
|d 2015-08
|
| 999 |
|
|
|c 112860
|d 112860
|